Rap Songs-Fill in the Lyrics - Statistics

General Stats
  • This quiz has been taken 165 times
  • The average score is 4 of 15
Answer Stats
Hint Answer % Correct
"I toss my pain with my wishes in the _____ _____" wishing well
73%
"Got a drop on this flexin' *****, he from _______" tennessee
59%
"You the only father that _ ____ ____" I ever knew
45%
"He think he the battery, we call him ____ ____" Elon Musk
34%
"I put the new ______ on the jeep" Forgis
28%
"When I bought that Aston Martin, ya'll though it was ______" rented
22%
"Decorate your block with red tape, foenem slidin' ______" everyday
21%
"Listen baby, this a Lamborghini, not a _____" Benz
17%
"Never had a real _____ to my name, bruh" dollar
13%
"I'm back, goin hard again, I'm shuttin down my _____ again" heart
12%
"Spider, spider, spider, please _______ _____ _____" dismiss these writers
11%
"We gon' lay him down like we __ __ ______" in a lounge
7%
"Don't be worried bout what we be doin, what we doin, ______ _____" making money
5%
"Yeezy Boost moves in my ______" reeboks
4%
"Don't drink Par, only like ______" Wocka
4%
No matching quizzes found
Score Distribution
Percent of People with Each Score
Percentile by Number Answered
Your Score History
You have not taken this quiz